| 000 | 00352nam a2200121Ia 4500 | ||
|---|---|---|---|
| 005 | 20260328104257.0 | ||
| 008 | 260328s9999||||xx |||||||||||||| ||und|| | ||
| 100 | _aWeinschenk, Susan M. | ||
| 245 | 0 |
_a100 Things : _b every Designer needs to know about peple / _cSusan M. Weinschenk |
|
| 260 | _bNew Riders | ||
| 650 | _aDISEÑO INDUSTRIAL | ||
| 942 | _cBK | ||
| 999 |
_c10470 _d10470 |
||